000
00277 a2200121 4500
001
154622
040
_c
Escola São Tomás de Aquino
240
1
0
_a
Perfil da economia dos EUA
_l
por
245
1
0
_a
Perfil da economia dos EUA
300
_a
125
697
_a
HISTÓRIA
942
_c
BK
999
_c
154622
_d
154622